000 00285nam a22001337a 4500
008 181009b xxu||||| |||| 00| 0 eng d
020 _a9780805319408
041 _aeng
080 _24th
_a573
100 _a11
101 _aBIO
245 _aBiology
_cCampbell,N,A
942 _2udc
_cBK
999 _c49092
_d49092